000 00733nam a2200241 a 4500
008
020 _a0442307624 (pbk.)
049 _aMAIN
090 0 _aTK7888.3
_bLEW
100 1 0 _aLewin, Douglas.
245 1 0 _aTheory and design of digital computer systems /
_cDouglas Lewin.
250 _a2nd ed.
260 0 _aNew York :
_bHalsted Press,
_c1980.
300 _avii, 472 p. :
_bill. ;
_c23 cm.
504 _aIncludes bibliographical references.
500 _aIncludes index.
650 0 _aElectronic digital computers
_xDesign and construction.
907 _a.b10118226
_b27-04-10
_c15-04-04
003
005 20230123133658.0
040 _cNUST
942 _cBOOKS
_kTK7888.3
_mLEW
999 _c152746
_d152746